Guess the Location #65 (Set 5) - Statistics

General Stats
  • This quiz has been taken 18 times
  • The average score is 11 of 15
Answer Stats
Land Borders Maritime Boundaries Sovereign
State?
First Letter Location % Correct
United Kingdom Isle of Man Y ? Ireland
100%
Austria, Switzerland [none] Y ? Liechtenstein
94%
Argentina, Brazil, Chile, Paraguay, Peru [none] Y ? Bolivia
88%
Germany Norway, Poland, Sweden, United Kingdom Y ? Denmark
88%
Finland, Russia, Sweden Denmark, Faroe Islands, Iceland, United Kingdom Y ? Norway
88%
Belarus, Hungary, Moldova, Poland, Romania, Russia, Slovakia Turkey Y ? Ukraine
82%
Cambodia, Laos, Malaysia, Myanmar India, Indonesia, Vietnam Y ? Thailand
76%
[none] Barbados, Grenada, Guyana, Saint Vincent and the Grenadines, Venezuela Y ? Trinidad and Tobago
76%
Colombia, Peru Costa Rica Y ? Ecuador
71%
[none] New Caledonia, New Zealand, Norfolk Island, Tonga, Tuvalu, Vanuatu, Wallis and Futuna Y ? Fiji
71%
Angola, Botswana, D. R. Congo, Malawi, Mozambique, Namibia, Tanzania, Zimbabwe [none] Y ? Zambia
65%
[none] Guyana, Martinique, Saint Lucia, Saint Vincent and the Grenadines, Trinidad and Tobago Y ? Barbados
59%
[none] Anguilla, Puerto Rico, U.S. Virgin Islands N ? British Virgin Islands
53%
Sint Maarten Anguilla, Antigua and Barbuda, Saba N ? Saint Martin
47%
[none] New Caledonia, New Zealand N ? Norfolk Island
41%
No matching quizzes found
Score Distribution
Percent of People with Each Score
Percentile by Number Answered
Your Score History
You have not taken this quiz